000 00413nam a2200133Ia 4500
008 100328s9999 xx 000 0 und d
082 _b59060
100 _aगुजर ना.रा.
245 _aप्रयत्न वाळूचे.
260 _bग्रंथाली.
630 _aप्रयत्न वाळूचे.
730 _aप्रयत्न वाळूचे.
942 _cBOOK
999 _c545325
_d545322